Score 0/40 Timer 10:00
0 Plays Today
Puzzle Word % Correct
Puzzle 1Big
92.1%
Puzzle 2Green
53.3%
Puzzle 3Food
47.8%
Puzzle 1House
44.9%
Puzzle 4Game
44.5%
Puzzle 1Bird
44.4%
Puzzle 2Day
43.3%
Puzzle 5Sports
41.1%
Puzzle 3Fight
36.7%
Puzzle 2Break
29.8%
Puzzle 2Up
29%
Puzzle 3Club
28%
Puzzle 4Boy
28%
Puzzle 3House
23.4%
Puzzle 3Party
20.3%
Puzzle 1Salad
19.5%
Puzzle 1Dressing
19.3%
Puzzle 2Beat
17.9%
Puzzle 1Room
17.5%
Puzzle 2It
15.9%
Puzzle Word % Correct
Puzzle 1Key
15.5%
Puzzle 5Center
14.5%
Puzzle 1West
12%
Puzzle 3Food
11.6%
Puzzle 5Stage
10.2%
Puzzle 5Left
8.8%
Puzzle 4Genius
8.1%
Puzzle 4IQ
7.5%
Puzzle 4Test
7.1%
Puzzle 5Handed
6.1%
Puzzle 2Factor
6%
Puzzle 3Stamp
5.7%
Puzzle 5Over
5.6%
Puzzle 2Tree
5.2%
Puzzle 3Act
5.1%
Puzzle 4In
5.1%
Puzzle 4Drive
5%
Puzzle 4Crowd
2.6%
Puzzle 5Protective
2.6%
Puzzle 5Clothing
1.7%
Remove Ads.
Support Sporcle.
Get the best of Sporcle when you Go Orange. This ad-free experience offers more features, more stats, and more fun while also helping to support Sporcle. Thank you for becoming a member.

You're not logged in!

Compare scores with friends on all Sporcle quizzes.
OR
Log In

Show Comments

Extras

Top Quizzes Today


Score Distribution

Your Account Isn't Verified!

In order to create a playlist on Sporcle, you need to verify the email address you used during registration. Go to your Sporcle Settings to finish the process.

Report this User

Report this user for behavior that violates our Community Guidelines.

Details: